000
00333nam a2200133Ia 4500
008
150301s2014 xx 000 0 und d
082
_a
612
_b
M14J
100
_a
JAIN, A.K.
245
_a
MAUAL OF PRACTICAL PHYSIOLOGY FOR MBBS
260
_b
ARYA PUB
_a
DELHI
_c
2014
300
_a
354
650
_a
HUMAN PHYSIOLOGY
942
_2
ddc
_c
BK
_0
93
999
_c
6679
_d
6679